Feldblumen

Elmentve itt :
Bibliográfiai részletek
Szerző: Stifter Adalbert
Dokumentumtípus: Cikk
Megjelent: 1899
Sorozat:Kolligátum
Kulcsszavak:Osztrák irodalom - novella
Online Access:http://misc.bibl.u-szeged.hu/24759
LEADER 00520nab a2200169 i 4500
001 misc24759
005 20191111110620.0
008 171018s1899 hu o 0|| zxx d
040 |a SZTE Miscellanea Repozitórium  |b hun 
041 |a zxx 
100 1 |a Stifter Adalbert 
245 1 0 |a Feldblumen  |h [elektronikus dokumentum] /  |c  Stifter Adalbert 
260 |c 1899 
300 |a 1-125 
490 0 |a Kolligátum 
695 |a Osztrák irodalom - novella 
856 4 0 |u http://misc.bibl.u-szeged.hu/24759/1/012_011_001-125.pdf  |z Dokumentum-elérés